Le pétrole (Registro nro. 165615)

Detalles MARC
000 -LEADER
campo de control de longitud fija 01108nam a22002175i 4500
001 - NÚMERO DE CONTROL
campo de control 165615
003 - IDENTIFICADOR DE NÚMERO DE CONTROL
campo de control ES-MaACL
005 - FECHA Y HORA DE LA ÚLTIMA TRANSACCIÓN
campo de control 20230906213156.0
008 - DATOS DE LONGITUD FIJA--INFORMACIÓN GENERAL
campo de control de longitud fija 050905s1865 fr | |||||||| ||fre d
040 ## - FUENTE DE CATALOGACIÓN
Centro catalogador/agencia de origen CAM
Lengua de catalogación spa
Centro/agencia transcriptor CAM
100 1# - ENTRADA PRINCIPAL--NOMBRE DE PERSONA
Nombre de persona Soulié, Emile.
9 (RLIN) 132853
245 13 - MENCIÓN DEL TÍTULO
Título Le pétrole
Resto del título : ses gisements, son exploitation, son traitement industriel, ses produits dérivés, ses applications a l'éclairage et au chauffage /
Mención de responsabilidad, etc. par Emile Soulié et Hipp. Haudoüin.
260 ## - PUBLICACIÓN, DISTRIBUCIÓN, ETC.
Lugar de publicación, distribución, etc. Paris :
Nombre del editor, distribuidor, etc. Librairie Scientifique, Industrielle et Agricole, Eugène Lacroix éditeur,
Fecha de publicación, distribución, etc. 1865 (
Lugar de fabricación/manufactura Corbeil :
Fabricante Typ. et stér. de Crété)
300 ## - DESCRIPCIÓN FÍSICA
Extensión VIII, 231 p. ;
Dimensiones 18 cm.
490 1# - MENCIÓN DE SERIE
Mención de serie Bibliothèque des professions industrielles et agricoles. Série D ;
Designación de volumen o secuencia 19
650 #4 - PUNTO DE ACCESO ADICIONAL DE MATERIA--TÉRMINO DE MATERIA
Término de materia o nombre geográfico como elemento de entrada Petróleo.
9 (RLIN) 15989
700 1# - ENTRADA AGREGADA--NOMBRE PERSONAL
Nombre de persona Haudoüin, Hippolite.
9 (RLIN) 127810
830 0# - PUNTO DE ACCESO ADICIONAL DE SERIE-TÍTULO UNIFORME
Título uniforme Bibliothèque des professions industrielles et agricoles. Série D ;
Designación de volumen o secuencia 19
9 (RLIN) 222470
852 ## - LOCALIZACIÓN
Ubicación ES-MaACL
Número de control de estantería G-13485
Nota libre -- Enc. hol. conservando la cub. original
-- -- Ex-libris ms. de Gustavo Saenz Diez
-- -- Enc. con 24 p. de información editorial
Existencias
Estatus retirado Estado de pérdida Estado de daño No para préstamo Colección Biblioteca de origen Biblioteca actual Ubicación en estantería Fecha de adquisición Fuente de adquisición Total de préstamos Signatura topográfica completa Código de barras Visto por última vez Precio de reemplazo Tipo de ítem Koha
        Libros del s. XIX Biblioteca del Ateneo de Madrid Biblioteca del Ateneo de Madrid Sala Pecera Planta 3 17/01/2008     G-13485 1173685 23/02/2023 23/02/2023 Libro impreso antiguo